| 000 | 00636nam a2200193 i 4500 | ||
|---|---|---|---|
| 001 | 35729 | ||
| 003 | ES-MaACL | ||
| 005 | 20240521105419.0 | ||
| 007 | t| | ||
| 008 | 030213s1966 sp ||||1| spa d | ||
| 100 | 1 |
_aBouillard, Henri. _930881 |
|
| 245 | 1 | 0 |
_aLógica de la Fe _b: bosquejos, diálogos con el pensamiento protestante, aproximaciones filosóficas / _cHenri Bouillard ; traducción de Salustiano Masó. |
| 260 |
_a[Madrid] : _bTaurus, _c[1966] |
||
| 300 |
_a230 p. ; _c18 cm. |
||
| 650 | 0 | 4 |
_aFe. _912734 |
| 700 | 0 |
_aMasó, Salustiano, _d1923- _978744 |
|
| 852 |
_aES-MaACL _jC-31362 _bR.61932 |
||
| 999 |
_c35729 _d35729 |
||